000 01551cam a22004097a 4500
003 CHAP
005 20220329141803.0
008 971013s1969 r 00010 d
010 _a73811
011 _a74783
035 _a84342
040 _cCHAP
090 _aTesis
100 0 0 _aBarrera Islas, Daniel.
_910394
245 0 _aAnálisis económico del uso del agua y la mano de obra en el sector ejidal de la Comarca Lagunera
260 _achapingo, Méx. :
_bEl autor,
_c1969
300 _a70 h. anexos
502 _aTesis (M. C. en Ciencias en Economía Agrícola) -- ENA. Colegio de Postgraduados
590 _aALEPH
_b10
_c20130110
_lUCH01
_h1417
590 _aBATCH-UPD
_b10
_c20130109
_lUCH01
_h2328
590 _aBATCH-UPD
_b10
_c20130110
_lUCH01
_h0724
590 _aBATCH-UPD
_b10
_c20130410
_lUCH01
_h0408
590 _aBATCH-UPD
_b10
_c20130913
_lUCH01
_h2123
590 _aBATCH-UPD
_b10
_c20130914
_lUCH01
_h1253
590 _aCONVERSION
_b10
_c20130109
_lUCH01
_h1340
650 1 4 _aAgricultura
_xAspectos economicos
_xComarca Lagunera.
_91233
650 1 4 _aAgricultura
_xTrabajadores
_xComarca Lagunera.
_91852
650 1 4 _aAgua
_xAprovechamiento
_zComarca Lagunera.
_92309
650 1 4 _aComarca Lagunera
_xAgricultura
_xAspectos económicos.
_925521
650 1 4 _aEjidos
_xComarca Lagunera.
_936012
650 1 4 _aIrrigación
_xComarca Lagunera.
_960389
901 _aBK
942 _cLIBRO
949 _bBC
_cTES
_d-39619
_eLIBRO
_i84342
_si
949 _bBC
_cTES
_d-39620
_eLIBRO
_fc.2
_i84342
_si
949 _bBC
_cTES
_d-39621
_eLIBRO
_fc.3
_i84342
_si
999 _c73811
_d73811